Central Library OPAC University of Rajshahi

Congress rule in Bombay, 1952 to 1956 / (Record no. 42284)

MARC details
000 -LEADER
fixed length control field 00761nam a2200241 a 4500
001 - CONTROL NUMBER
control field 42284
003 - CONTROL NUMBER IDENTIFIER
rucl marc code BD-RjUL
005 - DATE AND TIME OF LATEST TRANSACTION
control field 20211209053522.0
008 - FIXED-LENGTH DATA ELEMENTS--GENERAL INFORMATION
fixed length control field 160611s1958 ii 000 0 eng
035 ## - SYSTEM CONTROL NUMBER
System control number (BD-RjUL)42402
040 ## - CATALOGING SOURCE
Original cataloging agency DLC
Transcribing agency OAU
Modifying agency DLC
-- BD-RjU
Language of cataloging eng
041 ## - LANGUAGE CODE
Language code of text/sound track or separate title eng
082 ## - DEWEY DECIMAL CLASSIFICATION NUMBER
Edition number 23
Classification number 320.954
Author mark and year DAC 1958
100 1# - MAIN ENTRY--PERSONAL NAME
Personal name Dastur, Aloo J.
9 (RLIN) 130029
245 10 - TITLE STATEMENT
Title Congress rule in Bombay, 1952 to 1956 /
Statement of responsibility, etc. by Aloo J. Dastur & Usha Mehta.
260 ## - PUBLICATION, DISTRIBUTION, ETC. (IMPRINT)
Place of publication, distribution, etc. Bombay :
Name of publisher, distributor, etc. Popular Book Depot,
Date of publication, distribution, etc. 1958
300 ## - PHYSICAL DESCRIPTION
Pagination xiv, 205 p. ;
Size 23 cm.
504 ## - BIBLIOGRAPHY, ETC. NOTE
Bibliography, etc Bibliography: p. 205.
651 #0 - SUBJECT ADDED ENTRY--GEOGRAPHIC NAME
Geographic name Bombay (India : State)
General subdivision Politics and government.
9 (RLIN) 130030
Geographic name Bombay (India : State)
General subdivision Social policy.
9 (RLIN) 130031
700 1# - ADDED ENTRY--PERSONAL NAME
Personal name Mehta, Usha,
942 ## - ADDED ENTRY ELEMENTS (KOHA)
Source of classification or shelving scheme Dewey Decimal Classification
Koha item type Books
Holdings
Lost status Source of classification or shelving scheme Damaged status Not for loan Collection code Permanent Location Current Location Shelving location Date acquired Source of acquisition Cost, normal purchase price Total Checkouts Full call number Date last seen Copy number Koha item type
  Dewey Decimal Classification     Non-fiction Central Library, University of Rajshahi Central Library, University of Rajshahi   29/03/1967 Pak. American 9.37   320.954 DAC 1958 11/06/2016 C-2 Books